[Event "MEX-ch U26"]
[Site "Merida"]
[Date "2019.05.17"]
[Round "6"]
[White "Navarrete Garcia, Alan"]
[Black "Rodriguez Barragan, Luis E"]
[Result "1-0"]
[WhiteElo "2118"]
[BlackElo "2097"]
[PlyCount "89"]
[EventDate "2019.05.12"]
[EventType "swiss"]
[EventRounds "6"]
[EventCountry "MEX"]
[SourceTitle "EXT 2020"]
[Source "ChessBase"]
[SourceDate "2019.10.17"]
[SourceVersion "1"]
[SourceVersionDate "2019.10.17"]
[SourceQuality "1"]

1. e4 Nf6 2. Nc3 e5 3. Bc4 Nc6 4. Nf3 Nxe4 5. 0-0 Nxc3 6. dxc3 Be7 7. Qd5 0-0 8. Nxe5 Nxe5 9. Qxe5 d6 10. Qh5 Bd7 11. Be3 Bf6 12. Bd4 Bxd4 13. cxd4 Qf6 14. c3 Rfe8 15. Rfe1 Bf5 16. Re3 Rxe3 17. fxe3 Qg6 18. Qf3 Rb8 19. Rf1 Be6 20. d5 Bg4 21. Qf4 f6 22. Qd4 a6 23. Bd3 Qh5 24. Rf4 Bd7 25. h3 Qe5 26. Qa7 Re8 27. Re4 Qg3 28. Rxe8+ Bxe8 29. Bf5 g6 30. Be6+ Bf7 31. Kf1 Bxe6 32. dxe6 Qe5 33. Qb8+ Kg7 34. Qxc7+ Kh6 35. e7 Qxe3 36. Qxd6 f5 37. Qd7 Qf4+ 38. Ke2 Qe4+ 39. Kd1 Qb1+ 40. Ke2 Qe4+ 41. Kd2 Qxg2+ 42. Kc1 Qh1+ 43. Qd1 Qe4 44. Qd2+ Kg7 45. Qd7 1-0

[Event "Mexico City Garritas-A 04th"]
[Site "Mexico City"]
[Date "2014.04.06"]
[Round "4"]
[White "Navarrete Garcia, Alan"]
[Black "Sandoval Mercado, Carlos"]
[Result "1/2-1/2"]
[WhiteElo "2072"]
[BlackElo "1931"]
[PlyCount "81"]
[EventDate "2014.04.04"]
[EventType "tourn"]
[EventRounds "5"]
[EventCountry "MEX"]
[SourceTitle "EXT 2018"]
[Source "ChessBase"]
[SourceDate "2017.10.13"]
[SourceVersion "1"]
[SourceVersionDate "2017.10.13"]
[SourceQuality "1"]

1. e4 c5 2. Nf3 e6 3. d4 cxd4 4. Nxd4 Nf6 5. Nc3 Nc6 6. Be3 Bb4 7. Bd3 d5 8. Nxc6 bxc6 9. e5 Nd7 10. Qg4 Qa5 11. Bd2 0-0 12. a3 c5 13. 0-0 Bxc3 14. Bxc3 Qc7 15. Rae1 Bb7 16. Re3 g6 17. Rh3 d4 18. Bd2 Nxe5 19. Qf4 f6 20. f3 Rf7 21. Be2 Rd8 22. Qg3 c4 23. f4 d3 24. cxd3 cxd3 25. Bd1 Nc4 26. Bc3 Qb6+ 27. Kh1 Nxb2 28. Bg4 d2 29. Bxb2 Qxb2 30. Rd1 f5 31. Be2 Be4 32. Qc3 Qb7 33. Re3 Bxg2+ 34. Kg1 Be4 35. Rxd2 Rc8 36. Qe5 Qb6 37. Kf2 Qc6 38. Rd6 Qc1 39. Qxe6 Rcf8 40. Rd1 Qc5 41. Rd7 1/2-1/2

[Event "Mexico City Garritas-A 04th"]
[Site "Mexico City"]
[Date "2014.04.05"]
[Round "3"]
[White "Jason, Alford"]
[Black "Navarrete Garcia, Alan"]
[Result "0-1"]
[WhiteElo "2217"]
[BlackElo "2072"]
[PlyCount "112"]
[EventDate "2014.04.04"]
[EventType "tourn"]
[EventRounds "5"]
[EventCountry "MEX"]
[SourceTitle "EXT 2018"]
[Source "ChessBase"]
[SourceDate "2017.10.13"]
[SourceVersion "1"]
[SourceVersionDate "2017.10.13"]
[SourceQuality "1"]

1. e4 e5 2. Nf3 Nc6 3. Bb5 a6 4. Bxc6 dxc6 5. 0-0 Qd6 6. d4 exd4 7. Qxd4 Bg4 8. e5 Qxd4 9. Nxd4 c5 10. Nf3 0-0-0 11. Nbd2 Ne7 12. b3 Nc6 13. c3 g6 14. Ng5 Nxe5 15. f4 f6 16. fxe5 fxg5 17. Ne4 h6 18. Be3 b6 19. h3 Bf5 20. Ng3 Bg7 21. Nxf5 gxf5 22. Rxf5 Rhe8 23. Re1 Bxe5 24. Bxg5 Bd4+ 25. cxd4 Rxe1+ 26. Kf2 Rde8 27. Bxh6 cxd4 28. g4 R1e6 29. Bf4 Rc6 30. h4 Rc2+ 31. Kg3 Rc3+ 32. Kf2 Rc2+ 33. Kg3 Rc5 34. Rf7 Rc3+ 35. Kf2 Rc2+ 36. Kg3 d3 37. h5 d2 38. Bxd2 Rxd2 39. h6 Rd7 40. Rf5 Rh8 41. g5 Rd6 42. Kf4 Rhxh6 43. gxh6 Rxh6 44. Ke4 Rd6 45. Rd5 Kd7 46. Rd4 Rxd4+ 47. Kxd4 Kd6 48. a4 c5+ 49. Kc4 Kc6 50. Kc3 Kd5 51. Kd3 b5 52. axb5 axb5 53. Ke3 Ke5 54. Kd3 Kd5 55. Ke3 c4 56. bxc4+ Kxc4 0-1

[Event "Mexico City Garritas-A 04th"]
[Site "Mexico City"]
[Date "2014.04.04"]
[Round "1"]
[White "Navarrete Garcia, Alan"]
[Black "Ramirez Marin, Ivan"]
[Result "1-0"]
[WhiteElo "2072"]
[BlackElo "2093"]
[PlyCount "57"]
[EventDate "2014.04.04"]
[EventType "tourn"]
[EventRounds "5"]
[EventCountry "MEX"]
[SourceTitle "EXT 2018"]
[Source "ChessBase"]
[SourceDate "2017.10.13"]
[SourceVersion "1"]
[SourceVersionDate "2017.10.13"]
[SourceQuality "1"]

1. e4 c5 2. Nf3 e6 3. c4 Nc6 4. Nc3 Nf6 5. d4 cxd4 6. Nxd4 Bb4 7. Nxc6 bxc6 8. Bd3 0-0 9. 0-0 Bxc3 10. bxc3 Qa5 11. Bf4 Ne8 12. e5 f6 13. exf6 Rxf6 14. Be3 Ba6 15. Bd4 Rf8 16. Re1 Qg5 17. Re5 Qe7 18. Rh5 h6 19. Qg4 Nf6 20. Qg6 Qf7 21. Rxh6 Qxg6 22. Rxg6 d5 23. Re1 Kf7 24. Rg3 Bxc4 25. Bg6+ Kg8 26. Rxe6 Rab8 27. h3 Rb7 28. Rxc6 Bxa2 29. Bxf6 1-0

[Event "Carlos Torre Memorial op 25th"]
[Site "Merida"]
[Date "2013.12.13"]
[Round "1"]
[White "Ortiz Suarez, Isan Reynaldo"]
[Black "Navarrete Garcia, Alan"]
[Result "1-0"]
[WhiteElo "2608"]
[BlackElo "2083"]
[PlyCount "42"]
[EventDate "2013.12.13"]
[EventType "swiss"]
[EventRounds "9"]
[EventCountry "MEX"]
[SourceTitle "CBM 158 Extra"]
[Source "ChessBase"]
[SourceDate "2014.02.28"]
[SourceVersion "1"]
[SourceVersionDate "2014.02.28"]
[SourceQuality "1"]

1. d4 d5 2. Nf3 c6 3. g3 Nf6 4. Bg2 Bf5 5. 0-0 h6 6. b3 e6 7. Bb2 Nbd7 8. Nbd2 Be7 9. c4 0-0 10. e3 a5 11. Qe2 a4 12. Ne5 Qa5 13. Nxd7 Nxd7 14. e4 dxe4 15. Nxe4 Nf6 16. Bc3 Qa6 17. Nc5 Bxc5 18. dxc5 Rfd8 19. Rfd1 Nd5 20. Bb2 a3 21. Bd4 f6 1-0

[Event "Aguascalientes Pabellon de Arteaga"]
[Site "Aguascalientes"]
[Date "2009.07.19"]
[Round "9"]
[White "Valencia Hernandez, Rubi"]
[Black "Navarrete Garcia, Alan"]
[Result "1/2-1/2"]
[WhiteElo "1723"]
[BlackElo "1940"]
[PlyCount "96"]
[EventDate "2009.07.17"]
[EventType "tourn"]
[EventRounds "9"]
[EventCountry "MEX"]
[SourceTitle "EXT 2024"]
[Source "ChessBase"]
[SourceDate "2023.10.10"]
[SourceVersion "1"]
[SourceVersionDate "2023.10.10"]
[SourceQuality "1"]

1. e4 e5 2. Nf3 Nc6 3. Bb5 a6 4. Ba4 Nf6 5. 0-0 b5 6. Bb3 Bc5 7. Re1 Bb7 8. c3 d6 9. d3 h6 10. Be3 Bb6 11. a4 Qd7 12. h3 0-0-0 13. axb5 axb5 14. Nbd2 g5 15. Nh2 Rdg8 16. Ng4 Ne8 17. Qf3 Nd8 18. Bxb6 cxb6 19. Nf6 Nxf6 20. Qxf6 h5 21. Re3 h4 22. Bd5 g4 23. Bxb7+ Kxb7 24. Qf5 Qxf5 25. exf5 Rg5 26. Ne4 Rg7 27. Nxd6+ Kc6 28. Ne4 gxh3 29. Rxh3 Rhg8 30. g3 hxg3 31. fxg3 Nb7 32. Rh6+ Kc7 33. Kf2 Nc5 34. Ra7+ Kb8 35. Re7 Nxe4+ 36. dxe4 Rxg3 37. Rxb6+ Kc8 38. Rc6+ Kd8 39. Rxf7 Rg2+ 40. Kf1 Rg1+ 41. Kf2 R1g2+ 42. Kf1 Rg1+ 43. Kf2 R8g2+ 44. Kf3 Rg3+ 45. Kf2 R1g2+ 46. Kf1 Rg1+ 47. Kf2 R3g2+ 48. Kf3 Rxb2 1/2-1/2

[Event "Aguascalientes Pabellon de Arteaga"]
[Site "Aguascalientes"]
[Date "2009.07.18"]
[Round "4"]
[White "Navarrete Garcia, Alan"]
[Black "Salazar Martinez, Sergio"]
[Result "1-0"]
[WhiteElo "1940"]
[BlackElo "1892"]
[PlyCount "67"]
[EventDate "2009.07.17"]
[EventType "tourn"]
[EventRounds "9"]
[EventCountry "MEX"]
[SourceTitle "EXT 2024"]
[Source "ChessBase"]
[SourceDate "2023.10.10"]
[SourceVersion "1"]
[SourceVersionDate "2023.10.10"]
[SourceQuality "1"]

1. e4 c5 2. Nf3 e6 3. b4 cxb4 4. d4 d5 5. e5 Nc6 6. a3 Nge7 7. axb4 Nxb4 8. c3 Nbc6 9. Ba3 Bd7 10. Bd3 Nc8 11. Bxf8 Kxf8 12. 0-0 Nb6 13. Na3 Na5 14. Qe2 Qc7 15. Ng5 h6 16. Qh5 Be8 17. Bb5 Qe7 18. f4 g6 19. Qh3 Kg7 20. Nf3 Bxb5 21. Nxb5 Nbc4 22. Qg3 Qd7 23. Na3 Nb3 24. Nxc4 dxc4 25. Rad1 Qd5 26. Rde1 a5 27. f5 Kh7 28. fxg6+ fxg6 29. Nh4 g5 30. Rf7+ Kg8 31. Qf2 Qd8 32. Ng6 Qe8 33. Ne7+ Qxe7 34. Rxe7 1-0

[Event "Mexico City Aeaemac 03"]
[Site "Mexico City"]
[Date "2007.03.10"]
[Round "3.3"]
[White "Navarrete Garcia, Alan"]
[Black "Gutierrez Carmona, Juan Alejandro"]
[Result "0-1"]
[WhiteElo "1785"]
[BlackElo "2170"]
[PlyCount "112"]
[EventDate "2007.03.10"]
[EventType "tourn"]
[EventRounds "5"]
[EventCountry "MEX"]
[SourceTitle "EXT 2024"]
[Source "ChessBase"]
[SourceDate "2023.10.10"]
[SourceVersion "1"]
[SourceVersionDate "2023.10.10"]
[SourceQuality "1"]

1. e4 e5 2. Nf3 Nc6 3. Bb5 a6 4. Ba4 Nf6 5. 0-0 Be7 6. Re1 b5 7. Bb3 d6 8. c3 0-0 9. h3 Nd7 10. d4 Bf6 11. Be3 Na5 12. Bc2 Nc4 13. Qc1 Nxe3 14. Qxe3 c5 15. Nbd2 Re8 16. d5 c4 17. Nf1 Nc5 18. b4 cxb3 19. axb3 Qc7 20. Ng3 Nd7 21. Nh2 Nf8 22. Nh5 Bd8 23. Qg3 Ng6 24. Bd3 Bd7 25. c4 b4 26. c5 Qxc5 27. Bxa6 Bb6 28. Bc4 Ra3 29. Rac1 Ra2 30. Rf1 Rea8 31. Be2 Qd4 32. Bd3 Rd2 33. Bb1 Qb2 34. Nf3 Rxf2 35. Kh1 Rxf1+ 36. Rxf1 Bb5 37. Rd1 Qxb3 38. Rc1 Qb2 39. Qe1 h6 40. Rc2 Qb3 41. Ng3 Ra1 42. Rc1 Qe3 43. Qd1 Ba4 44. Qf1 Bc5 45. Nf5 Qa3 46. Nd2 b3 47. Nc4 Qb4 48. Kh2 b2 49. Ncxd6 Bxd6 50. Nxd6 Qxd6 51. Rc8+ Nf8 52. Ra8 Qf6 53. Qd3 Qf4+ 54. Kh1 Bb5 55. Rxf8+ Kxf8 56. Qxb5 Rxb1+ 0-1

[Event "Esnaj op 3rd"]
[Site "Esnaj"]
[Date "2005.07.01"]
[Round "1"]
[White "Gutierrez, Gerardo"]
[Black "Navarrete Garcia, Alan"]
[Result "1-0"]
[WhiteElo "2098"]
[BlackElo "1763"]
[PlyCount "69"]
[EventDate "2005.07.01"]
[EventType "swiss"]
[EventRounds "9"]
[EventCountry "MEX"]
[SourceTitle "CBM 107 Extra"]
[Source "ChessBase"]
[SourceDate "2005.09.01"]
[SourceVersion "1"]
[SourceVersionDate "2005.09.01"]
[SourceQuality "1"]

1. e4 e5 2. Nf3 Nc6 3. Bc4 Nf6 4. Ng5 d5 5. exd5 Na5 6. Bb5+ c6 7. dxc6 bxc6 8. Qf3 Bb7 9. Bd3 Be7 10. 0-0 0-0 11. Qe2 h6 12. Nh3 Bc8 13. Re1 Bxh3 14. gxh3 Bd6 15. Nc3 Qd7 16. Qf1 Rfe8 17. Ne4 Nxe4 18. Bxe4 f5 19. Bf3 Re6 20. Kh1 Rg6 21. Qa6 Qc7 22. a3 e4 23. b4 Nb7 24. d3 Bxh2 25. dxe4 fxe4 26. Qc4+ Kh8 27. Qxe4 Rf6 28. Be3 Be5 29. Rad1 Rd8 30. Rxd8+ Nxd8 31. Bxh6 Re6 32. Bg5 Bf4 33. Bxf4 Rxe4 34. Rxe4 Qf7 35. Be2 1-0